000 00547nam a22001817a 4500
005 20251108164816.0
008 250721s1985 xx 000 0 ara d
082 1 4 _a862/لور
100 1 _aلوركا، فيدريكوغارسيا
245 1 0 _aالإسكافية العجيبة :
_bمسرحية /
250 _aط2.
264 1 _aبيروت :
_bمكتبة المعارف،
_c1985.
300 _a109ص.
650 1 7 _aالمسرحيات الإسبانية
700 1 _aسويد، أحمد
_eترجمة
942 _2ddc
_cBK
999 _c14897
_d14897